| 000 | 00617nam a22001697a 4500 | ||
|---|---|---|---|
| 003 | NUST | ||
| 038 | _aNusrat Nadeem | ||
| 082 | _a200 | ||
| 100 |
_aMushtaq, Savera _9120288 |
||
| 245 |
_aNeuralGrip: Enhanced Motor Imagery Training and Testing for Assistive Robots Using Deep Learning and Advanced Data Augmentation Techniques/ _cSavera Mushtaq, |
||
| 264 |
_aIslamabad, _c2023. _bSEECS NUST |
||
| 300 |
_aill, _b110,p: _c30,cm. |
||
| 650 |
_aMS-Electrical Engineering _923567 |
||
| 700 |
_aSupervisor: Dr. Wajid Mumtaz _997230 |
||
| 856 | _u http://10.250.8.41:8080/xmlui/handle/123456789/38578 | ||
| 942 |
_2ddc _cSC |
||
| 999 |
_c607650 _d607650 |
||